| 000 | 00983pam a2200301 i 4500 | ||
|---|---|---|---|
| 001 | 1286 | ||
| 005 | 20230828163535.0 | ||
| 008 | 230828b cb ||||| |||| 00| 0 eng d | ||
| 020 | _a0688221149 | ||
| 020 | _a0590664883 | ||
| 040 |
_aDLC _cDLC _dDLC _beng |
||
| 050 | 0 | 0 |
_aPZ7.C5792 _bRai |
| 082 | 0 | 0 | _aFic |
| 100 | 1 | _aCleary, Beverly. | |
| 245 | 1 | 0 |
_aRamona and her father / _cBeverly Cleary ; illustrated by Alan Tiegreen. |
| 260 |
_aNew York : _bScholastic _c1975. |
||
| 300 |
_a186 pages : _bIllustrations ; _c20 cm. |
||
| 505 | _aU | ||
| 520 | _aThe family routine is upset during Ramona's year in second grade when her father unexpectedly loses his job. | ||
| 521 |
_a840
_bLexile |
||
| 521 |
_aU
_bRaz-Plus |
||
| 650 | 1 |
_aFathers and daughters _xFiction. |
|
| 650 | 1 |
_aFamily problems _xFiction. |
|
| 655 | 7 |
_aJuvenile literature _y1975. _2rbgenr |
|
| 700 | 1 | _aTiegreen, Alan. | |
| 906 |
_a7 _bcbc _corignew _d1 _eocip _f19 _gy-gencatlg |
||
| 942 |
_2ddc _cBK _n0 |
||
| 999 |
_c1286 _d1286 |
||